| 000 | 00832nam a2200229 a 4500 | ||
|---|---|---|---|
| 001 | 000028017 | ||
| 005 | 20240409073641.0 | ||
| 008 | 110406s1983 dr 000 0 spa d | ||
| 040 |
_aDO-SdBNP _bspa _cBNPHU |
||
| 082 |
_a972.93053 _bG216m |
||
| 100 | 1 |
_aGarcía Carrasco, Félix _918191 |
|
| 245 | 1 | 0 |
_aMedio siglo de desculturación / _cFélix García Carrasco. |
| 260 |
_aSanto Domingo : _bTaller, _c1983. |
||
| 300 |
_a23 p. ; _c18 cm. |
||
| 650 | 4 |
_aCultura _xRepública dominicana _xEnsayos, conferencias, etc. _955060 |
|
| 650 | 4 |
_aIntelectuales _zRepública Dominicana _xAspectos sociales _934414 |
|
| 650 | 4 |
_aIntelectuales _zRepública Dominicana _xActividad política _955061 |
|
| 650 | 4 |
_aPolítica y cultura _98455 |
|
| 650 | 4 |
_aPolítica y literatura _98963 |
|
| 910 | _aValidado. Control de calidad EMS | ||
| 049 | _aBNPD | ||
| 999 |
_c27509 _d27509 |
||